ბათუმის შოთა რუსთაველის სახელმწიფო უნივერსიტეტის ბიბლიოთეკა

Оборудование мясоконсервных заводов и его эксплуатация. (ბიბ.ჩანაწერი № 46956)

000 -LEADER
fixed length control field 00697nam a2200205Ia 4500
001 - CONTROL NUMBER
control field 13810
003 - CONTROL NUMBER IDENTIFIER
control field GE_BSU
008 - FIXED-LENGTH DATA ELEMENTS--GENERAL INFORMATION
fixed length control field 181216s||||||||xx |||||||||||||| ||und||
040 ## - CATALOGING SOURCE
Transcribing agency GE_BSU
080 ## - UNIVERSAL DECIMAL CLASSIFICATION NUMBER
Universal Decimal Classification number 637.5
100 ## - MAIN ENTRY--PERSONAL NAME
Personal name Очкин,В.А.
245 ## - TITLE STATEMENT
Title Оборудование мясоконсервных заводов и его эксплуатация.
245 ## - TITLE STATEMENT
Statement of responsibility, etc. Ред. В.А.Ноздрина.
260 ## - PUBLICATION, DISTRIBUTION, ETC.
Place of publication, distribution, etc. М.
260 ## - PUBLICATION, DISTRIBUTION, ETC.
Name of publisher, distributor, etc. Пищепромиздат.
260 ## - PUBLICATION, DISTRIBUTION, ETC.
Date of publication, distribution, etc. 1959.
300 ## - PHYSICAL DESCRIPTION
Extent 307 стр. 22 см. с илл. Библиогр.:стр.303.
653 ## - INDEX TERM--UNCONTROLLED
Uncontrolled term Оборудование мясоконсервных заводов и его эксплуатация.
942 ## - ADDED ENTRY ELEMENTS (KOHA)
Koha item type წიგნი
ეგზემპლარები
Withdrawn status Lost status Damaged status Not for loan Date acquired Barcode Date last seen Price effective from Koha item type
        2018-12-17 12116 2018-12-17 2018-12-17 წიგნი